Skip to content
VuFind
Login
All Fields
Title
Author
Subject
Call Number
ISBN/ISSN
Tag
Find
Advanced
ගෝතම බුදුන් වහන්සේ /...
Cite this
Text this
Email this
Print
Export Record
Export to RefWorks
Export to EndNoteWeb
Export to EndNote
Export to MARC
Export to BibTeX
Export to RIS
Save to List
Permanent link
ගෝතම බුදුන් වහන්සේ /
Gothama budun vahanse
Saved in:
Bibliographic Details
Format:
Book
Published:
බොරලැස්ගමුව :
කර්තෘ,
2025.
Tags:
Add Tag
No Tags, Be the first to tag this record!
Holdings
Description
Comments
Similar Items
Staff View
MARC
LEADER
00000nam a2200000 4500
003
LK-CoNLD
005
20260303092408.0
008
260303b |||||||| |||| 00| 0 ||| d
015
|2
slnb
017
|b
LK-CoDNA
020
|a
9786249842870
040
|a
LK-CoNLD
|b
SIN
|c
LK-CoNLD
|d
LK-CoNLD
082
|2
23
|q
LK-CoNLD
245
|6
880-1
|a
ගෝතම බුදුන් වහන්සේ /
|c
පියසේන රණවීර.
260
|a
බොරලැස්ගමුව :
|b
කර්තෘ,
|c
2025.
300
|a
පි. 108;
|b
මැබැ-බෝක : රු.550.00
|c
සෙමී. 21.
880
|6
245-1
|a
Gothama budun vahanse
942
|c
BOOK
945
|a
21055
|b
M. G. D. NAWODA
|c
21055
|d
M. G. D. NAWODA
999
|c
297613
|d
297613
Similar Items
ගෝතම බුදුරජාණන් වහන්සේ
by: නානායක්කාර සනත්
ගෝතම බුදු රජාණන් වහන්සේ/
by: නානායක්කාර, සනත්
Published: (1967)
ගෝතම බුදු රජාණන් වහන්සේ
by: නානායක්කාර,සනත්
Published: (1967)
ගෞතම බුදුන් වහන්සේ/
by: රත්නපාල, ඊ.ඇම්
Published: (2006)
බුදුන් වහන්සේ ආගමික නායකයෙක්ද?
by: සන්තින්ද්රිය හිමි තල්පාවිල
Published: (2003)